| 000 | 00499nam a2200145 a 4500 | ||
|---|---|---|---|
| 008 | 120416s1965 ||||||||||||||||| || u | ||
| 050 | _aB 387.A5 Pla | ||
| 100 | _aPlato, Aristocles | ||
| 245 | 1 | 0 |
_aTimaeus _cedited by H. D. P. Lee |
| 260 |
_aLondon _bPenguin _c1965 |
||
| 300 | _a124p. | ||
| 350 | _a0.00 | ||
| 700 | _aLee, Henry Desmond Pritchard | ||
| 995 |
_D0.00 _FCBU-MAIN LIBRARY (Kitwe) _H1 _I4.00 _M1 _UDAMAGED _ZMain Library Open Access Collection |
||
| 999 |
_c59898 _d59898 |
||